UITU Library & LRC     

Microelectronics: an integrated approach (Record no. 24650)

MARC details
000 -LEADER
fixed length control field 00436nam a2200169Ia 4500
008 - FIXED-LENGTH DATA ELEMENTS--GENERAL INFORMATION
fixed length control field 241115s9999 xx 000 0 und d
020 ## - INTERNATIONAL STANDARD BOOK NUMBER
International Standard Book Number 0-13-271131-1
082 ## - DEWEY DECIMAL CLASSIFICATION NUMBER
Classification number 621.3817 HOW
100 ## - MAIN ENTRY--PERSONAL NAME
Personal name Howe, Roger T.
245 #0 - TITLE STATEMENT
Title Microelectronics: an integrated approach
250 ## - EDITION STATEMENT
Edition statement .NA
260 ## - PUBLICATION, DISTRIBUTION, ETC.
Place of publication, distribution, etc. New York:
Name of publisher, distributor, etc. Prentice hall,
Date of publication, distribution, etc. 1997.
300 ## - PHYSICAL DESCRIPTION
Extent xx, 908p.
600 ## - SUBJECT ADDED ENTRY--PERSONAL NAME
Personal name Electrical Engineering
650 ## - SUBJECT ADDED ENTRY--TOPICAL TERM
Topical term or geographic name entry element Technology
942 ## - ADDED ENTRY ELEMENTS (KOHA)
Koha item type Book Bank Data
Holdings
Withdrawn status Lost status Damaged status Not for loan Collection Home library Current library Date acquired Source of acquisition Cost, normal purchase price Total checkouts Barcode Date last seen Price effective from Koha item type
        BB-Electrical Engineering UITU Library UITU Library 09/17/2001 Archive stat 58.00   BB157 11/15/2024   Book Bank Data

Powered by Koha